LEADER 01117nam a2200241 i 4500 001 000000163725 003 CaOOAMICUS 005 20070809000000.0 008 070809s1993 it u000 u mul u 013 $a141092 040 $aSeMil$bita 245 12$aL'eccidio di S. Anna /$cnella testimonianza [di] mons. Giuseppe Vangelisti. 260 $a[S.l. :$bs.n.],$cstampa 1993. 300 $a1 v. (senza paginazione) :$bill. ;$c24 cm. 500 $aIn testa al front. : Comune di Stazzema, Medaglia d'oro al valor militare. - Front. e testo anche in inglese. 650 4$aEccidio di Sant'Anna di Stazzema <1944> - Testimonianze.$0(OLS)http://semarc/subject/31130 650 4$aGuerra mondiale <1939-1945> - Diari e memorie.$0(OLS)http://semarc/subject/2759 700 1 $aVangelisti, Giuseppe.$0(OLS)http://semarc/name/44679 850 $aSeMil 852 $aSeMil$W1$xVenegono$y1$m5C XI 4/22$j115019$B115019$CSeMilBibl$Z2$F126133 $81 961 $aOmaggio: Pontiggia don Virginio 996 $6245$aL'eccidio di S. Anna$9(OLS)http://semarc/title/233591 996 $6260$a[S.l. :$bs.n.]$9(OLS)http://semarc/publisher/29751 LEADER 00959nam a2200229 i 4500 001 000000038371 003 CaOOAMICUS 005 20110916000000.0 008 110916s1965 it u000 u ita u 013 $a8956 040 $aSeMil$bita 100 1 $aChastel, André,$d<1912-1990>.$0(OLS)http://semarc/name/18398 245 12$aI centri del Rinascimento :$barte italiana 1460-1500 /$cAndré Chastel. 260 $aMilano :$bFeltrinelli,$c1965. 300 $a384 p. :$bill., carte geografiche ;$c28 cm. 490 0 $aIl mondo della figura 650 4$aArte - Italia - Sec. 15.$0(OLS)http://semarc/subject/2703 830 3$aIl mondo della figura.$0(OLS)http://semarc/title/34279 850 $aSeMil 852 $aSeMil$W1$xVenegono$y1$m5N VI 29$j4526$B4526$CSeMilBibl$Z2$F4526 $81 996 $6245$aI centri del Rinascimento :$barte italiana 1460-1500$9(OLS)http://semarc/title/54119 996 $6260$aMilano :$bFeltrinelli$9(OLS)http://semarc/publisher/30237